00992nam a2200253 a 450000500170000000800410001704000230005804100130008104400070009408200180010110000270011924501120014626000450025830000590030350000060036250000220036853400580039065000140044865000300046270000420049294200150053499900170054995201720056620160116023128.0890413s1958 sp a r 00110 spa d ala cladCo-BoIAVH1 aspahger asp04a608.7 bL53s 1 aLeithauser, Joachim G.13aLa segunda creación del mundo / cJoachim G. Leithauser ; traducido del alemán por E. Donato y Prunera. aBarcelona : bEdiciones Destino, c1958. a315 páginas : bilustraciones. ; c24 centímetros. a. aIncluye índice. pTítulo original. tDie zweite schöpfung der welt. aInventos. aHistoria de los inventos.1 aDonato y Prunera, Emilio, etraductor 2ddccLIBRO c17989d17989 00102ddc40708FONDO RAMIIINV2017aBogotabBogotad2016-01-16eCasa del Librol0oFRO-608.7 L53sp039541r2016-01-16 00:00:00tEj. 1w2016-01-16xDonaciónyLIBRO